| 000 | 00924nam a2200217 a 4500 | ||
|---|---|---|---|
| 001 | 000026080 | ||
| 005 | 20200930024302.0 | ||
| 008 | 110301s1993 dr a 001 0 spa d | ||
| 040 |
_aDO-SdBNP _bspa _cBNPHU |
||
| 082 |
_a615.10685 _bC749n |
||
| 111 | 2 |
_aCongreso Nacional sobre medicamentos " Calidad total en la empresa farmacéutica" _n(3º : _d1993, ago. 25-27 : _cSanto Domingo, República Dominicana) _953024 |
|
| 245 | 1 | 0 | _aPonencias. |
| 260 |
_aSanto Domingo : _bARAPF, _c1993. |
||
| 300 |
_a2 v. : _bil. ; _c28 cm. |
||
| 590 | _aInventariado, 2018/LP | ||
| 650 | 4 |
_aIndustria farmacéutica _xCongresos, conferencias, etc. _953025 |
|
| 650 | 4 |
_aControl de calidad _xCongresos, conferencias, etc. _953026 |
|
| 650 | 4 |
_aCalidad de los productos _920594 |
|
| 710 | 2 |
_aAsociación de Representantes, Agentes y Productores Farmacéuticos, ARAPF (República Dominicana) _953027 |
|
| 910 | _aValidado. Control de la calidad EMS | ||
| 999 |
_c25572 _d25572 |
||